00937 2200313 4500001002100000005001500021035002000036007000300056008004100059020002200100082001900122084002100141100003000162245008400192250003100276300003100307650002300338504003400361264003200395336002100427337003000448338002300478040002200501090002200523850001200545999002200557990002200579990002200601INLIS00000000089977020250930093537 a0010-0925000693ta250923s2025 yoi g ind d a978-634-01-1022-704223a915.981291 a915.981291 MAN i0 aManahati ZebuaePengarang10aInspirasi pengembangan pariwisata daerah :bedisi revisi satu /cManahati Zebua aCetakan Pertama, Juli 2025 axxiv, 294 halaman ;c23 cm 4aPariwisata--zNias aBibliografi : halaman 288-29231aSleman :bDeepublish,c2025 2rdacontentateks 2rdamediaatanpa perantara 2rdacarrieravolume aYOPDYOGbinderda aCB-D.11 2025-3078 aYOPDYOG aCB-D.11/2025-3078 aCB-D.11/2025-2078 aCB-D.11/2025-3078